<?xml version="1.0" encoding="UTF-8"?>
<record
    xmlns:xsi="http://www.w3.org/2001/XMLSchema-instance"
    xsi:schemaLocation="http://www.loc.gov/MARC21/slim http://www.loc.gov/standards/marcxml/schema/MARC21slim.xsd"
    xmlns="http://www.loc.gov/MARC21/slim">

  <leader>00859nam a22001937a 4500</leader>
  <controlfield tag="008">100705s1996    ua||||| |||| 00| 0 ara d</controlfield>
  <datafield tag="020" ind1=" " ind2=" ">
    <subfield code="a">9775222176</subfield>
  </datafield>
  <datafield tag="082" ind1=" " ind2=" ">
    <subfield code="2">22</subfield>
    <subfield code="a">155.61</subfield>
    <subfield code="b">&#x648; &#x647;&#x640; &#x628;</subfield>
  </datafield>
  <datafield tag="100" ind1="1" ind2=" ">
    <subfield code="9">13625</subfield>
    <subfield code="a">&#x648;&#x647;&#x628;&#x647;&#x60C; &#x645;&#x631;&#x627;&#x62F;</subfield>
  </datafield>
  <datafield tag="245" ind1=" " ind2=" ">
    <subfield code="a">&#x641;&#x644;&#x633;&#x641;&#x629; &#x627;&#x644;&#x627;&#x628;&#x62F;&#x627;&#x639; /</subfield>
    <subfield code="c">&#x645;&#x631;&#x627;&#x62F; &#x648;&#x647;&#x628;&#x647;</subfield>
  </datafield>
  <datafield tag="260" ind1=" " ind2=" ">
    <subfield code="a">&#x627;&#x644;&#x642;&#x627;&#x647;&#x631;&#x629; :</subfield>
    <subfield code="b">&#x62F;&#x627;&#x631; &#x627;&#x644;&#x639;&#x627;&#x644;&#x645; &#x627;&#x644;&#x62B;&#x627;&#x644;&#x62B; &#x60C;</subfield>
    <subfield code="c">1996.</subfield>
  </datafield>
  <datafield tag="300" ind1=" " ind2=" ">
    <subfield code="a">101 &#x635; :</subfield>
    <subfield code="c">20 &#x633;&#x645;.</subfield>
  </datafield>
  <datafield tag="490" ind1=" " ind2=" ">
    <subfield code="9">15921</subfield>
    <subfield code="a">&#x627;&#x644;&#x643;&#x62A;&#x627;&#x628; &#x627;&#x644;&#x62B;&#x627;&#x644;&#x62B;</subfield>
  </datafield>
  <datafield tag="500" ind1=" " ind2=" ">
    <subfield code="a">&#x64A;&#x62D;&#x62A;&#x648;&#x649; &#x639;&#x644;&#x649; &#x641;&#x647;&#x631;&#x633;</subfield>
  </datafield>
  <datafield tag="541" ind1=" " ind2=" ">
    <subfield code="a">&#x62F;&#x643;&#x62A;&#x648;&#x631; &#x628;&#x627;&#x633;&#x645; &#x61B;</subfield>
    <subfield code="c">&#x625;&#x647;&#x62F;&#x627;&#x621; &#x61B;</subfield>
  </datafield>
  <datafield tag="650" ind1=" " ind2=" ">
    <subfield code="9">15100</subfield>
    <subfield code="a">&#x627;&#x644;&#x625;&#x628;&#x62F;&#x627;&#x639;</subfield>
  </datafield>
  <datafield tag="942" ind1=" " ind2=" ">
    <subfield code="2">ddc</subfield>
    <subfield code="c">BB</subfield>
  </datafield>
  <datafield tag="999" ind1=" " ind2=" ">
    <subfield code="c">14382</subfield>
    <subfield code="d">14382</subfield>
  </datafield>
  <datafield tag="952" ind1=" " ind2=" ">
    <subfield code="0">0</subfield>
    <subfield code="1">0</subfield>
    <subfield code="2">ddc</subfield>
    <subfield code="4">0</subfield>
    <subfield code="7">0</subfield>
    <subfield code="8">Donation-G</subfield>
    <subfield code="a">MAIN</subfield>
    <subfield code="b">MAIN</subfield>
    <subfield code="c">LOW</subfield>
    <subfield code="d">2010-07-05</subfield>
    <subfield code="e">Donation</subfield>
    <subfield code="o">155.61 &#x648;&#x647;&#x628;</subfield>
    <subfield code="p">000025851</subfield>
    <subfield code="r">2025-07-15 00:00:00</subfield>
    <subfield code="s">2011-06-16</subfield>
    <subfield code="y">BB</subfield>
    <subfield code="z">Lost and bring another item but the old item is : 000021387</subfield>
  </datafield>
</record>
